000 00651nam a2200241Ia 4500
003 OSt
005 20220918175512.0
006 a|||||r|||| 00| 0
007 ta
008 220917b |||||||| |||| 00| 0 eng d
024 _a17,639
037 _cTextual
040 _aARTS
_cARTS
_beng
041 _2eng
_aeng
082 _aR11ot98, M0.2
100 _aJeffrey Richard ed
_954206
245 0 _aStudies in inductive logic and probanility
260 _aBerkeley
_bUniv Of Cal;ifornia Press
_c1980
300 _a305p.
_ccm.
490 _vV2
942 _hR11ot98, M0.2
_cTEXL
_2CC
999 _c157813
_d157813